Coats of Arms: Europe - Statistics

General Stats
  • This quiz has been taken 382 times
  • The average score is 32 of 45
Answer Stats
Picture Answer % Correct
Iceland
96%
Switzerland
95%
Albania
94%
Bosnia & Herzegovina
94%
Croatia
94%
Greece
93%
Kosovo
93%
Malta
93%
Austria
91%
Slovakia
91%
Germany
90%
Portugal
90%
Ireland
89%
Spain
88%
Slovenia
87%
Belarus
85%
San Marino
84%
Ukraine
83%
Andorra
79%
Belgium
78%
Hungary
78%
Poland
78%
Serbia
78%
United Kingdom
78%
Moldova
71%
Vatican City
67%
France
64%
Russia
61%
Sweden
61%
Montenegro
59%
Netherlands
58%
Romania
58%
Bulgaria
56%
Luxembourg
56%
Italy
55%
Czechia
53%
Lithuania
53%
Norway
52%
Denmark
51%
Finland
51%
Monaco
48%
Liechtenstein
45%
North Macedonia
44%
Estonia
42%
Latvia
41%
No matching quizzes found
Score Distribution
Percent of People with Each Score
Percentile by Number Answered
Your Score History
You have not taken this quiz